01665agaaa2200325 45000010005000000030009000050050017000140070009000310080040000400400023000800410013001031000056001161300022001722450140001942500022003342600122003563000022004785080146005005110060006465200051007065380016007575460013007736500085007867000068008717000070009397000060010099420012010699990019010819520239011001719IT-RoPAU20220918181243.0d cvaizq50131s9999||||xx ||| | || ||und|| aIT-RoPAUcIT-RoPAU aITALIANO aLazarov ValeriogCodice regista SPICS: 18353946104 aLADY MAGIC946105 aLADY MAGICcSceneggiatura: Da Un'Idea Di Lazarov Jean -- Diretto da: Lazarov ValeriopLADY MAGIC (Rif. Codice opera principale : 41719) aEdizione Standard aROMA (ITALIA)bRAI - RADIO TELEVISIONE ITALIANA / Distribuzione: RAIg"1983 (1° ed.: 1983 ; Ed. Lingua Orig.: 1983)" aVHSbsonoro, col. a"Fotografia: Re Renato; Musica: Ormi Paolo; Sceneggiatura: Da Un'Idea Di Lazarov Jean; Scenografia: Villa Gianni; Coreografia: Guelis Jean; " a"Vanoni Ornella; Creusa Maria; Belen Ana; Austin Patty" aSPETTACOLO MUSICALE TELEVISIVO SHOW TELEVISIVI aPAL, STEREO aITALIANO aSPETTACOLO TVeTV-PROGRAMMI DI VARIETA' [VHS]xCodice MATERIA SPICS: 9964946106 aLazarov Valerio e(regista)gCodice regista SPICS: 18353946107 aLazarov Valerio e(soggetto)gCodice Soggetto SPICS: 18353946108 aOrmi Paoloe(musica)gCodice Musica SPICS: 14181946109 cVH2ddc c106294d106294 001040641719_00000000000000071aSPICSbSPICSd2015-01-31l0o41719r2015-01-31 00:00:00w2015-01-31yVHzProgr. Ins.: 2072 / N.Vol.:1 / Copie: 1 / Pag.: / Copia rara: n.d. / date import: 1.2.2015 / By Epidotti, Trombetti, Vaglietti